Numerical Linear Algebra (Record no. 541232)
[ view plain ]
| 000 -LEADER | |
|---|---|
| fixed length control field | 01336pam a2200337 a 4500 |
| 001 - CONTROL NUMBER | |
| control field | 693173 |
| 003 - CONTROL NUMBER IDENTIFIER | |
| control field | NUST |
| 005 - DATE AND TIME OF LATEST TRANSACTION | |
| control field | 20210112160339.0 |
| 008 - FIXED-LENGTH DATA ELEMENTS--GENERAL INFORMATION | |
| fixed length control field | 961210s1997 paua b 001 0 eng |
| 010 ## - LIBRARY OF CONGRESS CONTROL NUMBER | |
| LC control number | 96052458 |
| 020 ## - INTERNATIONAL STANDARD BOOK NUMBER | |
| International Standard Book Number | 0898713617 (alk. paper) |
| 038 ## - RECORD CONTENT LICENSOR | |
| Staff Name | SNS Library Staff |
| 040 ## - CATALOGING SOURCE | |
| Original cataloging agency | DLC |
| Transcribing agency | DLC |
| Modifying agency | DLC |
| 050 00 - LIBRARY OF CONGRESS CALL NUMBER | |
| Classification number | QA184 |
| Item number | .T74 1997 |
| 082 00 - DEWEY DECIMAL CLASSIFICATION NUMBER | |
| Classification number | 512.5 TRE 1997 |
| Edition number | 21 |
| 100 1# - MAIN ENTRY--PERSONAL NAME | |
| Personal name | Trefethen, Lloyd N. |
| Fuller form of name | (Lloyd Nicholas) |
| 9 (RLIN) | 35597 |
| 245 10 - TITLE STATEMENT | |
| Title | Numerical Linear Algebra |
| Statement of responsibility, etc. | Lloyd N. Trefethen, David Bau. |
| 260 ## - PUBLICATION, DISTRIBUTION, ETC. | |
| Place of publication, distribution, etc. | Philadelphia : |
| Name of publisher, distributor, etc. | Society for Industrial and Applied Mathematics, |
| Date of publication, distribution, etc. | 1997. |
| 300 ## - PHYSICAL DESCRIPTION | |
| Extent | xii, 361 p. : |
| Other physical details | ill. ; |
| Dimensions | 26 cm. |
| 440 ## - SERIES STATEMENT/ADDED ENTRY--TITLE | |
| Title | Numerical Linear Algebra |
| 9 (RLIN) | 35598 |
| 504 ## - BIBLIOGRAPHY, ETC. NOTE | |
| Bibliography, etc. note | Includes bibliographical references and index. |
| 650 #0 - SUBJECT ADDED ENTRY--TOPICAL TERM | |
| Topical term or geographic name entry element | Algebras, Linear. |
| 9 (RLIN) | 10720 |
| 650 #0 - SUBJECT ADDED ENTRY--TOPICAL TERM | |
| Topical term or geographic name entry element | Numerical calculations. |
| 9 (RLIN) | 35599 |
| 700 1# - ADDED ENTRY--PERSONAL NAME | |
| Personal name | Bau, David. |
| 9 (RLIN) | 35600 |
| 856 42 - ELECTRONIC LOCATION AND ACCESS | |
| Materials specified | Publisher description |
| Uniform Resource Identifier | <a href="http://www.loc.gov/catdir/enhancements/fy0665/96052458-d.html">http://www.loc.gov/catdir/enhancements/fy0665/96052458-d.html</a> |
| 856 41 - ELECTRONIC LOCATION AND ACCESS | |
| Materials specified | Table of contents only |
| Uniform Resource Identifier | <a href="http://www.loc.gov/catdir/enhancements/fy0665/96052458-t.html">http://www.loc.gov/catdir/enhancements/fy0665/96052458-t.html</a> |
| 906 ## - LOCAL DATA ELEMENT F, LDF (RLIN) | |
| a | 7 |
| b | cbc |
| c | orignew |
| d | 1 |
| e | ocip |
| f | 19 |
| g | y-gencatlg |
| 942 ## - ADDED ENTRY ELEMENTS (KOHA) | |
| Source of classification or shelving scheme | |
| Koha item type | Book |
| Call number prefix | 512.5 TRE 1997 |
| Withdrawn status | Lost status | Source of classification or shelving scheme | Damaged status | Not for loan | Permanent Location | Current Location | Shelving location | Date acquired | Total Checkouts | Full call number | Barcode | Date last seen | Price effective from | Koha item type |
|---|---|---|---|---|---|---|---|---|---|---|---|---|---|---|
| School of Natural Sciences (SNS) | School of Natural Sciences (SNS) | General Stacks | 10/28/2021 | 512.5 TRE 1997 | SNS0003198 | 01/12/2021 | 01/12/2021 | Book |
